Social Influence : (Record no. 10504)
[ view plain ]
| 000 -LEADER | |
|---|---|
| fixed length control field | 01421cam a22003374a 4500 |
| 090 ## - LOCALLY ASSIGNED LC-TYPE CALL NUMBER (OCLC); LOCAL CALL NUMBER (OCLC) | |
| -- | 0 |
| 001 - CONTROL NUMBER | |
| control field | 12268400 |
| 005 - DATE AND TIME OF LATEST TRANSACTION | |
| control field | 20060810191932.0 |
| 008 - FIXED-LENGTH DATA ELEMENTS--GENERAL INFORMATION | |
| fixed length control field | 010103s2001 paua b 001 0 eng |
| 010 ## - LIBRARY OF CONGRESS CONTROL NUMBER | |
| LC control number | 2001016242 |
| 020 ## - INTERNATIONAL STANDARD BOOK NUMBER | |
| International Standard Book Number | 1841690384 (hc. : alk. paper) |
| 020 ## - INTERNATIONAL STANDARD BOOK NUMBER | |
| International Standard Book Number | 1841690392 (pbk.) |
| 040 ## - CATALOGING SOURCE | |
| Original cataloging agency | DLC |
| Transcribing agency | DLC |
| Modifying agency | DLC |
| 042 ## - AUTHENTICATION CODE | |
| Authentication code | pcc |
| 050 00 - LIBRARY OF CONGRESS CALL NUMBER | |
| Classification number | HM1176 |
| Item number | .S635 2001 |
| 082 00 - DEWEY DECIMAL CLASSIFICATION NUMBER | |
| Classification number | 303.34 |
| Edition number | 21 |
| Item number | SOC |
| 245 00 - TITLE STATEMENT | |
| Title | Social Influence : |
| Remainder of title | Direct and indirect processes / |
| Statement of responsibility, etc | Edited by Joseph P. Forgas and Kipling D. Williams. |
| 260 ## - PUBLICATION, DISTRIBUTION, ETC. (IMPRINT) | |
| Place of publication, distribution, etc | Philadelphia : |
| Name of publisher, distributor, etc | Psychology Press, |
| Date of publication, distribution, etc | c2001. |
| 300 ## - PHYSICAL DESCRIPTION | |
| Extent | xxi, 367 p. : |
| Other physical details | ill. ; |
| Dimensions | 24 cm. |
| 440 #4 - | |
| -- | The Sydney Symposium of Social Psychology series ; |
| -- | v. 3 |
| 504 ## - BIBLIOGRAPHY, ETC. NOTE | |
| Bibliography, etc | Includes bibliographical references and indexes. |
| 650 #0 - SUBJECT ADDED ENTRY--TOPICAL TERM | |
| Topical term or geographic name as entry element | Social influence. |
| 650 #0 - SUBJECT ADDED ENTRY--TOPICAL TERM | |
| Topical term or geographic name as entry element | Interpersonal relations. |
| 650 #0 - SUBJECT ADDED ENTRY--TOPICAL TERM | |
| Topical term or geographic name as entry element | Influence (Psychology) |
| 700 1# - ADDED ENTRY--PERSONAL NAME | |
| Personal name | Forgas, Joseph P. |
| 700 1# - ADDED ENTRY--PERSONAL NAME | |
| Personal name | Williams, Kipling D. |
| 856 42 - ELECTRONIC LOCATION AND ACCESS | |
| Materials specified | Publisher description |
| Uniform Resource Identifier | <a href="http://www.loc.gov/catdir/enhancements/fy0653/2001016242-d.html">http://www.loc.gov/catdir/enhancements/fy0653/2001016242-d.html</a> |
| 942 ## - ADDED ENTRY ELEMENTS (KOHA) | |
| Source of classification or shelving scheme | Dewey Decimal Classification |
| Item type | Book - Borrowing |
| Withdrawn status | Item status | Source of classification or shelving scheme | Damaged status | Not for loan | Vendor | Home library | Current library | Shelving location | Date acquired | Source of acquisition | Cost, normal purchase price | Serial Enumeration / chronology | Total Checkouts | Total Renewals | Full call number | Barcode | Date last seen | Date last borrowed | Koha item type |
|---|---|---|---|---|---|---|---|---|---|---|---|---|---|---|---|---|---|---|---|
| Dewey Decimal Classification | Alahram | Central Library | Central Library | First floor | 28/01/2009 | 329.70 | 06391 | 5 | 56 | 303.34 SOC | 000014370 | 15/07/2025 | 03/10/2016 | Book - Borrowing |